Beena (Record no. 39434)
[ view plain ]
| 000 -LEADER | |
|---|---|
| fixed length control field | 00248nam a22001097a 4500 |
| 008 - FIXED-LENGTH DATA ELEMENTS--GENERAL INFORMATION | |
| fixed length control field | 240531b |||||||| |||| 00| 0 eng d |
| 100 ## - MAIN ENTRY--PERSONAL NAME | |
| Personal name | Rawlani, Kodo |
| 245 ## - TITLE STATEMENT | |
| Title | Beena |
| 260 ## - PUBLICATION, DISTRIBUTION, ETC. | |
| Place of publication | Ahemdabad |
| Name of publisher | A.Pub. |
| Year of publication | 1968 |
| 300 ## - PHYSICAL DESCRIPTION | |
| Number of Pages | 101p. |
| 942 ## - ADDED ENTRY ELEMENTS (KOHA) | |
| Koha item type | Books |
| Accession Number | Lost status | Damaged status | Price effective from | Koha item type | Not for loan | Withdrawn status | Home library | Current library | Shelving location | Date acquired | Source of acquisition | Cost, normal purchase price |
|---|---|---|---|---|---|---|---|---|---|---|---|---|
| 9400 | 01/03/2023 | Books | Withdrawn | RCL | RCL | General Stacks | 01/03/2023 | DDC | 1.50 |


